| 000 | 00459cam a2200169 i 4500 | ||
|---|---|---|---|
| 003 | NUST | ||
| 020 | _a9781935589679 | ||
| 038 | _aNUST | ||
| 082 | 0 | 0 | _a658.404 GUI |
| 110 |
_aProject Management Institute. _925847 |
||
| 245 | 0 | 2 | _aA Guide to The Project Management Body of Knowledge (PMBOK Guide). |
| 250 | _a5th edition. | ||
| 260 |
_aUSA: _bPROJECT MANAGEMENT INSTITUTE, _c2013. |
||
| 563 | _aHB | ||
| 650 | 0 |
_aProject management. _91 |
|
| 942 |
_2ddc _cBK |
||
| 999 |
_c566548 _d566548 |
||